[Event "XI Paracin Festival 2018"]
[Site "Paracin"]
[Date "2018.07.09"]
[Round "4"]
[White "Budisavljevic, Luka"]
[Black "Bojicic, Andjela"]
[Result "1/2-1/2"]
[WhiteElo "2324"]
[BlackElo "2028"]
[Annotator "NA"]
[PlyCount "60"]
[EventDate "2018.07.06"]
[EventType "swiss"]
[EventCountry "SRB"]
[SourceTitle "playchess.com"]
[Source "ChessBase"]
[SourceQuality "1"]
[TimeControl "5400+30"]

1. d4 {[%emt 0:00:00]} Nf6 {[%emt 0:00:00]} 2. Nf3 {[%emt 0:00:00]} g6 {[%emt 0:00:00]} 3. Bf4 {[%emt 0:00:00]} Bg7 {[%emt 0:00:02]} 4. e3 {[%emt 0:00:00]} O-O {[%emt 0:00:30]} 5. Be2 {[%emt 0:00:08]} d6 {[%emt 0:00:18]} 6. h3 {[%emt 0:00:06]} c5 {[%emt 0:00:16]} 7. c3 {[%emt 0:00:12]} Nc6 {[%emt 0:00:21]} 8. O-O {[%emt 0:01:14]} Nd5 {[%emt 0:01:01]} 9. Bh2 {[%emt 0:00:59]} e5 {[%emt 0:01:14]} 10. dxc5 {[%emt 0:12:35]} dxc5 {[%emt 0:01:21]} 11. Nbd2 {[%emt 0:05:22]} Qe7 {[%emt 0:09:25]} 12. Qc2 {[%emt 0:01:58]} Re8 {[%emt 0:05:56]} 13. Bd3 {[%emt 0:09:37]} Ndb4 {[%emt 0:20:13]} 14. cxb4 {[%emt 0:02:22]} Nxb4 {[%emt 0:00:05]} 15. Qb3 {[%emt 0:02:39]} Nxd3 {[%emt 0:01:24]} 16. Qxd3 {[%emt 0:00:38]} e4 {[%emt 0:00:46]} 17. Qxe4 {[%emt 0:14:11]} Qxe4 {[%emt 0:00:09]} 18. Nxe4 {[%emt 0:00:03]} Rxe4 {[%emt 0:00:05]} 19. Rad1 {[%emt 0:01:36]} Re8 {[%emt 0:04:00]} 20. b3 {[%emt 0:03:18]} Be6 {[%emt 0:07:53]} 21. Ng5 {[%emt 0:02:44]} Bf5 {[%emt 0:08:46]} 22. g4 {[%emt 0:00:56]} Bc8 {[%emt 0:00:12]} 23. Rd5 {[%emt 0:16:47]} h6 {[%emt 0:03:29]} 24. Nf3 {[%emt 0:00:11]} b6 {[%emt 0:01:26]} 25. Nd2 {[%emt 0:00:27]} Be6 {[%emt 0:02:39]} 26. Rd6 {[%emt 0:00:23]} Red8 {[%emt 0:04:03]} 27. Nc4 {[%emt 0:03:59]} Bf8 {[%emt 0:15:00]} 28. Rdd1 {[%emt 0:00:55]} b5 {[%emt 0:03:38]} 29. Nd6 {[%emt 0:01:23]} Bxd6 {[%emt 0:01:02]} 30. Bxd6 {[%emt 0:00:17]} c4 {[%emt 0:00:21]} 1/2-1/2

[Event "XI Paracin Festival 2018"]
[Site "Paracin"]
[Date "2018.07.09"]
[Round "4"]
[White "Konaplev, Anton"]
[Black "Yilmazyerli, Mert"]
[Result "1/2-1/2"]
[WhiteElo "2316"]
[BlackElo "2491"]
[Annotator "ChessBase"]
[PlyCount "58"]
[EventDate "2018.07.06"]
[EventType "swiss"]
[EventCountry "SRB"]
[SourceTitle "playchess.com"]
[Source "ChessBase"]
[SourceQuality "1"]
[TimeControl "5400+30"]

1. d4 {[%emt 0:00:00]} g6 {[%emt 0:00:00]} 2. e4 {[%emt 0:00:00]} Bg7 {[%emt 0:00:00]} 3. Nc3 {[%emt 0:00:01]} d6 {[%emt 0:00:00]} 4. Bg5 {[%emt 0:00:14]} a6 {[%emt 0:00:19]} 5. Qd2 {[%emt 0:00:18]} b5 {[%emt 0:00:23]} 6. a4 {[%emt 0:00:16]} b4 {[%emt 0:00:26]} 7. Nd5 {[%emt 0:00:06]} a5 {[%emt 0:00:28]} 8. Ne3 {[%emt 0:00:47]} Nf6 {[%emt 0:02:34]} 9. Bd3 {[%emt 0:00:51]} O-O {[%emt 0:01:57]} 10. Ne2 {[%emt 0:01:26]} Nbd7 {[%emt 0:02:13]} 11. O-O {[%emt 0:06:54]} h6 {[%emt 0:02:10]} 12. Bh4 {[%emt 0:03:35]} e5 {[%emt 0:00:24]} 13. c3 {[%emt 0:11:47]} exd4 {[%emt 0:10:08]} 14. cxd4 {[%emt 0:01:22]} c5 {[%emt 0:00:05]} 15. Nc4 {[%emt 0:07:18]} cxd4 {[%emt 0:03:03]} 16. Nxd6 {[%emt 0:10:29]} Ne5 {[%emt 0:01:26]} 17. Nxc8 {[%emt 0:06:24]} Rxc8 {[%emt 0:03:51]} 18. Bxf6 {[%emt 0:10:23]} Qxf6 {[%emt 0:02:53]} 19. f4 {[%emt 0:03:15]} Ng4 {[%emt 0:08:14]} 20. e5 {[%emt 0:04:18]} Qb6 {[%emt 0:01:40]} 21. Rfc1 {[%emt 0:03:49]} Ne3 {[%emt 0:09:47]} 22. Ng3 {[%emt 0:04:37]} g5 {[%emt 0:04:22]} 23. fxg5 {[%emt 0:03:42]} Qe6 {[%emt 0:04:35]} 24. gxh6 {[%emt 0:07:25]} Bxh6 {[%emt 0:01:52]} 25. Rxc8 {[%emt 0:01:45]} Rxc8 {[%emt 0:00:09]} 26. Qe2 {[%emt 0:01:03]} Rc5 {[%emt 0:03:49]} 27. Ne4 {[%emt 0:04:18]} Rxe5 {[%emt 0:00:24]} 28. Qf3 {[%emt 0:00:15]} f5 {[%emt 0:04:06]} 29. Ng3 {[%emt 0:02:47]} Qd5 {[%emt 0:20:33]} 1/2-1/2

[Event "XI Paracin Festival 2018"]
[Site "Paracin"]
[Date "2018.07.09"]
[Round "4"]
[White "Avalyan, Artur"]
[Black "Milanovic, Danilo"]
[Result "0-1"]
[WhiteElo "2315"]
[BlackElo "2471"]
[Annotator "ChessBase"]
[PlyCount "112"]
[EventDate "2018.07.06"]
[EventType "swiss"]
[EventCountry "SRB"]
[SourceTitle "playchess.com"]
[Source "ChessBase"]
[SourceQuality "1"]
[TimeControl "5400+30"]

1. d4 {[%emt 0:00:00]} Nf6 {[%emt 0:06:43]} 2. c4 {[%emt 0:00:00]} c5 {[%emt 0:00:09]} 3. d5 {[%emt 0:00:05]} b5 {[%emt 0:00:08]} 4. cxb5 {[%emt 0:00:17]} a6 {[%emt 0:00:09]} 5. bxa6 {[%emt 0:00:05]} g6 {[%emt 0:00:24]} 6. Nc3 {[%emt 0:00:08]} Bxa6 {[%emt 0:00:38]} 7. e4 {[%emt 0:00:08]} Bxf1 {[%emt 0:00:11]} 8. Kxf1 {[%emt 0:00:02]} d6 {[%emt 0:00:16]} 9. Nf3 {[%emt 0:00:11]} Nbd7 {[%emt 0:00:41]} 10. g3 {[%emt 0:00:14]} Bg7 {[%emt 0:00:07]} 11. Kg2 {[%emt 0:00:04]} O-O {[%emt 0:00:28]} 12. a4 {[%emt 0:00:51]} Ra6 {[%emt 0:00:19]} 13. Qc2 {[%emt 0:00:49]} Qa8 {[%emt 0:07:11]} 14. Ra3 {[%emt 0:01:39]} Nb6 {[%emt 0:19:02]} 15. Rd1 {[%emt 0:12:07]} Rc8 {[%emt 0:19:41]} 16. b3 {[%emt 0:03:14]} Nfd7 {[%emt 0:12:21]} 17. Bb2 {[%emt 0:13:57]} Ne5 {[%emt 0:04:59]} 18. Nxe5 {[%emt 0:01:21]} Bxe5 {[%emt 0:00:07]} 19. Rda1 {[%emt 0:19:15]} Qb7 {[%emt 0:03:00]} 20. Nb5 {[%emt 0:03:00]} Bxb2 {[%emt 0:04:49]} 21. Qxb2 {[%emt 0:00:10]} Nd7 {[%emt 0:09:17]} 22. Qc2 {[%emt 0:02:46]} Rb6 {[%emt 0:00:24]} 23. h4 {[%emt 0:03:11]} Nf6 {[%emt 0:01:16]} 24. Rd1 {[%emt 0:01:08]} h5 {[%emt 0:04:52]} 25. f3 {[%emt 0:01:46]} Ne8 {[%emt 0:00:11]} 26. Rd3 {[%emt 0:05:55]} Ra8 {[%emt 0:00:41]} 27. Ra2 {[%emt 0:00:53]} Nc7 {[%emt 0:01:02]} 28. Nxc7 {[%emt 0:00:11]} Qxc7 {[%emt 0:00:04]} 29. Rc3 {[%emt 0:00:22]} Qb7 {[%emt 0:00:14]} 30. Ra3 {[%emt 0:01:02]} Rb4 {[%emt 0:01:46]} 31. Rc4 {[%emt 0:09:11]} Rb8 {[%emt 0:00:22]} 32. Rc3 {[%emt 0:08:30]} Qa6 {[%emt 0:00:44]} 33. Ra2 {[%emt 0:00:12]} Qb6 {[%emt 0:02:01]} 34. Ra3 {[%emt 0:03:01]} Qa6 {[%emt 0:00:27]} 35. Qd3 {[%emt 0:02:47]} Qa5 {[%emt 0:00:21]} 36. Ra2 {[%emt 0:00:52]} Rd4 {[%emt 0:00:48]} 37. Qe3 {[%emt 0:00:05]} Kg7 {[%emt 0:00:54]} 38. Rac2 {[%emt 0:00:52]} Qb4 {[%emt 0:00:48]} 39. Rd2 {[%emt 0:01:20]} Rb7 {[%emt 0:00:48]} 40. Rcd3 {[%emt 0:00:37]} Rxd3 {[%emt 0:00:19]} 41. Rxd3 {[%emt 0:00:02]} Qa3 {[%emt 0:00:18]} 42. Kh3 {[%emt 0:06:13]} Qa1 {[%emt 0:01:01]} 43. Kg2 {[%emt 0:00:46]} Qa3 {[%emt 0:00:47]} 44. Kh3 {[%emt 0:00:23]} Rb4 {[%emt 0:00:18]} 45. f4 {[%emt 0:01:54]} Qa1 {[%emt 0:00:25]} 46. Kg2 {[%emt 0:00:15]} Qb2+ {[%emt 0:00:56]} 47. Kf3 {[%emt 0:00:02]} Qb1 {[%emt 0:00:28]} 48. Kg2 {[%emt 0:00:16]} Qb2+ {[%emt 0:00:14]} 49. Kf3 {[%emt 0:00:04]} Qh2 {[%emt 0:00:30]} 50. Rd1 {[%emt 0:01:02]} Qc2 {[%emt 0:00:47]} 51. Rd3 {[%emt 0:00:07]} Kh7 {[%emt 0:00:28]} 52. f5 {[%emt 0:01:50]} c4 {[%emt 0:00:30]} 53. fxg6+ {[%emt 0:00:08]} fxg6 {[%emt 0:00:01]} 54. bxc4 {[%emt 0:00:21]} Rb2 {[%emt 0:00:40]} 55. e5 {[%emt 0:01:11]} Qg2+ {[%emt 0:00:06]} 56. Kf4 {[%emt 0:00:02]} Rf2+ {[%emt 0:00:12]} 0-1

[Event "XI Paracin Festival 2018"]
[Site "Paracin"]
[Date "2018.07.09"]
[Round "4"]
[White "Dimitrov, Vladimir"]
[Black "Rahul Srivatshav P"]
[Result "1/2-1/2"]
[WhiteElo "2308"]
[BlackElo "2397"]
[Annotator "NA"]
[PlyCount "71"]
[EventDate "2018.07.06"]
[EventType "swiss"]
[EventCountry "SRB"]
[SourceTitle "playchess.com"]
[Source "ChessBase"]
[SourceQuality "1"]
[TimeControl "5400+30"]

1. d4 {[%emt 0:00:00]} Nf6 {[%emt 0:00:00]} 2. c4 {[%emt 0:00:00]} g6 {[%emt 0:00:00]} 3. Nc3 {[%emt 0:00:00]} Bg7 {[%emt 0:00:00]} 4. e4 {[%emt 0:00:00]} O-O {[%emt 0:00:00]} 5. h3 {[%emt 0:00:34]} d6 {[%emt 0:00:09]} 6. Be3 {[%emt 0:00:10]} Na6 {[%emt 0:00:07]} 7. Nf3 {[%emt 0:00:26]} e5 {[%emt 0:00:06]} 8. d5 {[%emt 0:00:15]} c6 {[%emt 0:00:06]} 9. g4 {[%emt 0:06:43]} Nc5 {[%emt 0:00:22]} 10. Qc2 {[%emt 0:03:27]} a5 {[%emt 0:06:45]} 11. O-O-O {[%emt 0:03:21]} Qe7 {[%emt 0:16:47]} 12. Nd2 {[%emt 0:11:52]} a4 {[%emt 0:02:13]} 13. a3 {[%emt 0:01:04]} Bd7 {[%emt 0:08:41]} 14. Be2 {[%emt 0:03:43]} cxd5 {[%emt 0:14:39]} 15. exd5 {[%emt 0:02:24]} b6 {[%emt 0:16:43]} 16. Rdg1 {[%emt 0:06:47]} Ne8 {[%emt 0:01:42]} 17. h4 {[%emt 0:04:59]} f5 {[%emt 0:01:05]} 18. f3 {[%emt 0:01:19]} e4 {[%emt 0:05:03]} 19. fxe4 {[%emt 0:03:56]} fxe4 {[%emt 0:00:23]} 20. h5 {[%emt 0:03:33]} Qe5 {[%emt 0:01:53]} 21. hxg6 {[%emt 0:01:09]} hxg6 {[%emt 0:02:13]} 22. Ndxe4 {[%emt 0:04:09]} Nf6 {[%emt 0:07:31]} 23. Nxf6+ {[%emt 0:03:08]} Rxf6 {[%emt 0:00:07]} 24. Rh3 {[%emt 0:01:33]} Nb3+ {[%emt 0:00:06]} 25. Kb1 {[%emt 0:00:09]} Nd4 {[%emt 0:00:03]} 26. Qd3 {[%emt 0:04:26]} Nxe2 {[%emt 0:00:07]} 27. Qxe2 {[%emt 0:00:10]} Raf8 {[%emt 0:00:12]} 28. Ka2 {[%emt 0:01:07]} R6f7 {[%emt 0:01:13]} 29. Rgg3 {[%emt 0:08:20]} b5 {[%emt 0:04:04]} 30. cxb5 {[%emt 0:00:19]} Rc8 {[%emt 0:00:07]} 31. Qd3 {[%emt 0:03:04]} Rxc3 {[%emt 0:04:05]} 32. bxc3 {[%emt 0:00:15]} Bxb5 {[%emt 0:00:23]} 33. Qxb5 {[%emt 0:00:55]} Qxc3 {[%emt 0:00:05]} 34. Qe8+ {[%emt 0:02:10]} Rf8 {[%emt 0:00:05]} 35. Qe6+ {[%emt 0:00:36]} Rf7 {[%emt 0:00:05]} 36. Qe8+ 1/2-1/2

[Event "XI Paracin Festival 2018"]
[Site "Paracin"]
[Date "2018.07.09"]
[Round "4"]
[White "Yordanov, Lachezar"]
[Black "Radovic, Luka"]
[Result "1-0"]
[WhiteElo "2290"]
[BlackElo "2344"]
[Annotator "NA"]
[PlyCount "79"]
[EventDate "2018.07.06"]
[EventType "swiss"]
[EventCountry "SRB"]
[SourceTitle "playchess.com"]
[Source "ChessBase"]
[SourceQuality "1"]
[TimeControl "5400+30"]

1. b3 {[%emt 0:00:00]} d6 {[%emt 0:05:00]} 2. Bb2 {[%emt 0:00:00]} Nd7 {[%emt 0:00:44]} 3. d4 {[%emt 0:02:10]} Ngf6 {[%emt 0:02:16]} 4. Nf3 {[%emt 0:00:10]} g6 {[%emt 0:00:53]} 5. g3 {[%emt 0:00:06]} Bg7 {[%emt 0:00:21]} 6. Bg2 {[%emt 0:00:06]} O-O {[%emt 0:00:43]} 7. O-O {[%emt 0:00:04]} e5 {[%emt 0:06:53]} 8. dxe5 $14 {[%emt 0:00:44]} Ng4 {[%emt 0:00:56]} 9. c4 {[%emt 0:01:17]} Re8 {[%emt 0:09:13]} 10. Nc3 {[%emt 0:01:12]} Ndxe5 {[%emt 0:06:39]} 11. a4 {[%emt 0:05:59]} Bd7 {[%emt 0:06:09]} 12. a5 {[%emt 0:06:06]} Rb8 {[%emt 0:08:37]} 13. Qc2 {[%emt 0:11:01]} Qc8 {[%emt 0:06:54]} 14. Nxe5 {[%emt 0:12:43]} Nxe5 {[%emt 0:00:28]} 15. Rfd1 {[%emt 0:01:30]} Bh3 {[%emt 0:03:18]} 16. Bh1 {[%emt 0:02:16]} h5 {[%emt 0:03:51]} 17. Nd5 {[%emt 0:03:06]} h4 {[%emt 0:04:45]} 18. f4 {[%emt 0:11:10]} c6 {[%emt 0:06:29]} 19. fxe5 {[%emt 0:02:56]} cxd5 {[%emt 0:00:05]} 20. Bxd5 {[%emt 0:00:18]} dxe5 {[%emt 0:01:42]} 21. Qe4 {[%emt 0:10:31]} Qc5+ {[%emt 0:04:09]} 22. Kh1 {[%emt 0:01:18]} hxg3 {[%emt 0:00:08]} 23. hxg3 {[%emt 0:00:29]} Bf5 {[%emt 0:00:36]} 24. Qg2 {[%emt 0:05:36]} Bf6 {[%emt 0:01:20]} 25. Qg1 {[%emt 0:01:24]} Qc8 {[%emt 0:06:26]} 26. Qe3 {[%emt 0:01:51]} Kg7 {[%emt 0:01:12]} 27. Kg2 {[%emt 0:00:42]} Bh3+ {[%emt 0:01:08]} 28. Kf2 {[%emt 0:00:35]} Bg4 {[%emt 0:02:44]} 29. Rh1 {[%emt 0:03:36]} Qf5+ {[%emt 0:00:45]} 30. Kg2 {[%emt 0:00:49]} Rh8 {[%emt 0:00:36]} 31. Be4 {[%emt 0:01:51]} Bh3+ {[%emt 0:01:23]} 32. Kg1 {[%emt 0:00:13]} Qd7 {[%emt 0:01:50]} 33. Kf2 {[%emt 0:00:42]} Rbd8 {[%emt 0:00:41]} 34. Bd5 {[%emt 0:01:40]} Bg4 {[%emt 0:01:01]} 35. Kg2 {[%emt 0:00:48]} Qf5 {[%emt 0:00:30]} 36. Be4 {[%emt 0:01:11]} Bh3+ {[%emt 0:00:18]} 37. Kg1 {[%emt 0:03:06]} Bg5 {[%emt 0:00:22]} 38. Qc5 {[%emt 0:01:54]} Qxe4 {[%emt 0:00:34]} 39. Bxe5+ {[%emt 0:00:20]} f6 {[%emt 0:00:45]} 40. Qe7+ {[%emt 0:00:07]} 1-0

[Event "XI Paracin Festival 2018"]
[Site "Paracin"]
[Date "2018.07.09"]
[Round "4"]
[White "Colovic, Dusan"]
[Black "Vaishali R"]
[Result "1-0"]
[WhiteElo "2279"]
[BlackElo "2337"]
[Annotator "NA"]
[PlyCount "91"]
[EventDate "2018.07.06"]
[EventType "swiss"]
[EventCountry "SRB"]
[SourceTitle "playchess.com"]
[Source "ChessBase"]
[SourceQuality "1"]
[TimeControl "5400+30"]

1. e4 {[%emt 0:00:00]} c5 {[%emt 0:00:16]} 2. Nf3 {[%emt 0:00:00]} d6 {[%emt 0:00:09]} 3. Bb5+ {[%emt 0:00:00]} Nd7 {[%emt 0:00:05]} 4. Ba4 {[%emt 0:04:42]} Ngf6 {[%emt 0:05:38]} 5. d3 {[%emt 0:06:27]} e6 {[%emt 0:10:36]} 6. O-O {[%emt 0:00:48]} Be7 {[%emt 0:00:21]} 7. Re1 {[%emt 0:03:08]} O-O {[%emt 0:00:59]} 8. c3 {[%emt 0:00:07]} a6 {[%emt 0:03:02]} 9. Bc2 {[%emt 0:00:49]} b5 {[%emt 0:02:27]} 10. Nbd2 {[%emt 0:03:58]} Bb7 {[%emt 0:01:45]} 11. Nf1 {[%emt 0:00:06]} Qc7 {[%emt 0:04:53]} 12. Ng3 {[%emt 0:00:21]} Rfe8 {[%emt 0:02:18]} 13. a4 {[%emt 0:01:22]} Bf8 {[%emt 0:05:50]} 14. h3 {[%emt 0:01:50]} e5 {[%emt 0:03:54]} 15. Nf5 {[%emt 0:04:19]} c4 {[%emt 0:11:07]} 16. Bg5 {[%emt 0:08:10]} h6 {[%emt 0:02:43]} 17. Bxf6 {[%emt 0:04:26]} Nxf6 {[%emt 0:00:07]} 18. d4 {[%emt 0:00:31]} g6 {[%emt 0:08:03]} 19. Ng3 {[%emt 0:04:02]} Bg7 {[%emt 0:04:32]} 20. Qd2 {[%emt 0:06:35]} Nd7 {[%emt 0:05:59]} 21. Red1 {[%emt 0:03:37]} Rad8 {[%emt 0:06:06]} 22. b4 {[%emt 0:07:17]} d5 {[%emt 0:02:36]} 23. axb5 {[%emt 0:01:38]} axb5 {[%emt 0:00:06]} 24. Re1 {[%emt 0:15:24]} dxe4 {[%emt 0:05:20]} 25. Bxe4 {[%emt 0:00:50]} Bxe4 {[%emt 0:05:13]} 26. Rxe4 {[%emt 0:00:23]} f5 {[%emt 0:00:18]} 27. Ree1 {[%emt 0:00:17]} e4 {[%emt 0:00:32]} 28. Nh4 {[%emt 0:00:35]} Qc6 {[%emt 0:07:05]} 29. Ra7 {[%emt 0:01:12]} Qf6 {[%emt 0:01:00]} 30. Nhxf5 {[%emt 0:09:03]} gxf5 {[%emt 0:00:23]} 31. Qf4 {[%emt 0:00:05]} Rf8 {[%emt 0:01:11]} 32. h4 {[%emt 0:00:35]} Rf7 {[%emt 0:00:51]} 33. Rea1 {[%emt 0:01:58]} Nb6 {[%emt 0:00:30]} 34. Nh5 {[%emt 0:02:50]} Qg6 {[%emt 0:00:14]} 35. Rxf7 {[%emt 0:01:28]} Qxf7 {[%emt 0:00:02]} 36. Nxg7 {[%emt 0:00:24]} Kxg7 {[%emt 0:00:57]} 37. Ra6 {[%emt 0:00:24]} Qb7 {[%emt 0:00:50]} 38. Qe5+ {[%emt 0:00:13]} Kf7 {[%emt 0:00:29]} 39. Qxf5+ {[%emt 0:01:08]} Kg7 {[%emt 0:00:07]} 40. Qxb5 {[%emt 0:00:23]} Rd6 {[%emt 0:00:50]} 41. Qa5 {[%emt 0:00:19]} Qc6 {[%emt 0:00:32]} 42. Qe5+ {[%emt 0:03:28]} Rf6 {[%emt 0:00:25]} 43. b5 {[%emt 0:00:37]} Qe6 {[%emt 0:00:36]} 44. Ra7+ {[%emt 0:00:42]} Kg8 {[%emt 0:00:30]} 45. Qb8+ {[%emt 0:00:20]} Nc8 {[%emt 0:00:19]} 46. Ra6 {[%emt 0:00:34]} 1-0

[Event "XI Paracin Festival 2018"]
[Site "Paracin"]
[Date "2018.07.09"]
[Round "4"]
[White "Sevgi, Volkan"]
[Black "Kathmale, Sameer"]
[Result "0-1"]
[WhiteElo "2277"]
[BlackElo "2323"]
[Annotator "NA"]
[PlyCount "50"]
[EventDate "2018.07.06"]
[EventType "swiss"]
[EventCountry "SRB"]
[SourceTitle "playchess.com"]
[Source "ChessBase"]
[SourceQuality "1"]
[TimeControl "5400+30"]

1. e4 c6 2. d4 d5 3. e5 Bf5 4. Nf3 e6 5. Be2 c5 6. Be3 cxd4 7. Nxd4 Ne7 8. c4 Nbc6 9. Qa4 a6 10. cxd5 b5 11. Nxc6 Nxc6 $11 ({Doch nicht} 11... bxa4 $6 12. Nxd8 Rxd8 13. Bxa6 $16) 12. Qf4 Nb4 13. O-O Nxd5 14. Qg3 Nxe3 15. Qxe3 Be7 16. Bf3 Rc8 17. Bb7 Rc2 18. Bxa6 O-O 19. Bxb5 Bc5 20. Qe1 Rxb2 21. Nc3 Bb4 22. Ba4 Qa5 23. Rc1 Rxa2 24. g4 Bg6 25. Bb3 Ra3 0-1

[Event "XI Paracin Festival 2018"]
[Site "Paracin"]
[Date "2018.07.10"]
[Round "5"]
[White "Georgiev, Kiril"]
[Black "Wadsworth, Matthew J"]
[Result "1-0"]
[WhiteElo "2596"]
[BlackElo "2377"]
[Annotator "RC"]
[PlyCount "75"]
[EventDate "2018.07.06"]
[EventType "swiss"]
[EventCountry "SRB"]
[SourceTitle "playchess.com"]
[Source "ChessBase"]
[SourceQuality "1"]
[TimeControl "5400+30"]

1. d4 {[%emt 0:08:26]} d5 {[%emt 0:00:00]} 2. c4 {[%emt 0:01:06]} c6 {[%emt 0:00:00]} 3. cxd5 {[%emt 0:03:15]} cxd5 {[%emt 0:00:00]} 4. Bg5 {[%emt 0:00:06]} Nc6 {[%emt 0:06:31]} 5. Nc3 {[%emt 0:01:09]} h6 {[%emt 0:03:34]} 6. Bh4 {[%emt 0:00:45]} Nf6 {[%emt 0:01:08]} 7. Bxf6 {[%emt 0:03:28]} exf6 {[%emt 0:00:10]} 8. e3 {[%emt 0:00:28]} Bb4 {[%emt 0:02:49]} 9. Nge2 {[%emt 0:02:28]} Be6 {[%emt 0:08:05]} 10. a3 {[%emt 0:01:01]} Bd6 {[%emt 0:00:17]} 11. g3 {[%emt 0:00:23]} O-O {[%emt 0:02:56]} 12. Bg2 {[%emt 0:00:07]} Bc7 {[%emt 0:05:18]} 13. O-O {[%emt 0:07:02]} Na5 {[%emt 0:04:09]} 14. Qd3 {[%emt 0:04:59]} Rc8 {[%emt 0:05:47]} 15. Rac1 {[%emt 0:04:45]} f5 {[%emt 0:08:28]} 16. b4 {[%emt 0:06:46]} Nc4 {[%emt 0:04:42]} 17. Bxd5 {[%emt 0:04:44]} Bxd5 {[%emt 0:00:55]} 18. Nxd5 {[%emt 0:00:08]} Qxd5 {[%emt 0:00:50]} 19. Rxc4 {[%emt 0:01:12]} Bd6 {[%emt 0:00:56]} 20. Rfc1 {[%emt 0:01:04]} Rcd8 {[%emt 0:01:42]} 21. R4c2 {[%emt 0:00:56]} h5 {[%emt 0:01:27]} 22. Nc3 {[%emt 0:05:00]} Qe6 {[%emt 0:00:28]} 23. Nb5 {[%emt 0:00:18]} Bb8 {[%emt 0:09:03]} 24. Rc5 {[%emt 0:07:22]} g6 {[%emt 0:02:01]} 25. Qc4 {[%emt 0:02:33]} Qf6 {[%emt 0:01:30]} 26. Rd5 {[%emt 0:02:55]} h4 {[%emt 0:01:27]} 27. Rxd8 {[%emt 0:02:36]} Rxd8 {[%emt 0:00:01]} 28. Kg2 {[%emt 0:01:50]} g5 {[%emt 0:02:45]} 29. Qe2 {[%emt 0:02:54]} a6 {[%emt 0:09:13]} 30. Nc3 {[%emt 0:00:59]} Kg7 {[%emt 0:00:21]} 31. Qf3 {[%emt 0:02:09]} b5 {[%emt 0:01:14]} 32. Ne2 {[%emt 0:00:39]} Qe6 {[%emt 0:06:47]} 33. Rc5 {[%emt 0:03:14]} Kg6 {[%emt 0:01:51]} 34. gxh4 {[%emt 0:03:10]} g4 {[%emt 0:01:14]} 35. Qf4 {[%emt 0:01:48]} Rd5 {[%emt 0:04:22]} 36. Qxb8 {[%emt 0:02:44]} Qe4+ {[%emt 0:00:03]} 37. Kg1 {[%emt 0:00:08]} Rxc5 {[%emt 0:00:08]} 38. Qd6+ {[%emt 0:00:21]} 1-0

[Event "XI Paracin Festival 2018"]
[Site "Paracin"]
[Date "2018.07.10"]
[Round "5"]
[White "Savic, Miodrag R"]
[Black "Milosevic, Milos"]
[Result "1-0"]
[WhiteElo "2541"]
[BlackElo "2315"]
[Annotator "TA"]
[PlyCount "59"]
[EventDate "2018.07.06"]
[EventType "swiss"]
[EventCountry "SRB"]
[SourceTitle "playchess.com"]
[Source "ChessBase"]
[SourceQuality "1"]

{[%evp 13,59,0,23,0,2,21,23,22,35,-20,-14,-16,0,0,10,0,43,18,26,0,53,41,34,45,67,61,60,38,64,51,101,88,93,91,90,79,260,269,267,247,1256,1245,1696,1535,1979,1938,1833,988]} 1. e4 c5 2. c3 d5 3. exd5 Qxd5 4. Nf3 Nc6 5. Na3 Nf6 6. Be2 {B22: Sizilianisch (Alapin 2.c3)} (6. Bc4 Qd8 7. O-O a6 8. Nc2 Bg4 9. d4 e6 10. h3 Bxf3 11. Qxf3 Rc8 {1-0 (39) Nakamura,H (2776)-Yu,Y (2724) Caleta 2015 CBM 165 [Ftacnik,L]}) 6... e6 7. O-O Qd8 {LiveBook: 11 Partien} 8. Qb3 $146 {Weiß hat minimalen Vorteil.} ({Vorgänger:} 8. Nc2 Be7 9. d4 O-O 10. dxc5 Bxc5 11. Be3 Bxe3 12. Nxe3 Qc7 13. Qa4 Bd7 14. Qa3 Rfd8 15. Rfd1 Be8 16. Qc5 Qe7 17. Qxe7 Nxe7 18. Ne5 Kf8 {½-½ (29) Savic,M (2543)-Paunovic,D (2503) Kragujevac 2013}) 8... Be7 9. Rd1 a6 10. d4 {[%cal Bd2d4,Bd4e5][%mdl 32]} Qc7 11. Nc4 (11. g3 $14) 11... b5 $11 12. Nce5 Nxe5 13. dxe5 Nd7 14. c4 Nb6 15. cxb5 c4 16. Qe3 axb5 (16... Nd5 $11 17. Qe4 axb5) 17. Nd4 $14 {[%cal Bf3d4,Bd4e2,Be2f4,Bf4d5,Bd5e7][%mdl 32]} Bd7 18. Qg3 Kf8 19. Bf3 Rc8 20. Bf4 Qa7 21. Be3 Qb8 22. Ne2 Be8 23. Nf4 {Schwarz muss nun Sh5 beachten.} g6 24. Bg4 {Und Sxe6+! würde nun gewinnen.} h5 $2 {[#]} (24... Rc6 $16) 25. Bxe6 $1 $18 {[%mdl 512]} g5 (25... fxe6 26. Nxg6+) 26. Nd5 $40 {[%mdl 128] Schwarz ist in Schwierigkeiten.} fxe6 $2 (26... Nxd5 27. Bxd5 g4) 27. Qf3+ {Weiß steht klar auf Gewinn.} Kg7 28. Nxe7 {Weiss will mit Df6+ Matt setzen.} Rf8 29. Qg3 g4 30. Bxb6 {Precision: Weiß = 55%, Schwarz = 28%.} 1-0

[Event "XI Paracin Festival 2018"]
[Site "Paracin"]
[Date "2018.07.10"]
[Round "5"]
[White "Kadric, Denis"]
[Black "Tan, Justin"]
[Result "1/2-1/2"]
[WhiteElo "2522"]
[BlackElo "2481"]
[Annotator "ChessBase"]
[PlyCount "71"]
[EventDate "2018.07.06"]
[EventType "swiss"]
[EventCountry "SRB"]
[SourceTitle "playchess.com"]
[Source "ChessBase"]
[SourceQuality "1"]
[TimeControl "5400+30"]

1. e4 {[%emt 0:00:00]} e5 {[%emt 0:00:00]} 2. Nf3 {[%emt 0:00:00]} Nc6 {[%emt 0:00:00]} 3. Bc4 {[%emt 0:00:00]} Bc5 {[%emt 0:00:09]} 4. O-O {[%emt 0:00:00]} Nf6 {[%emt 0:00:13]} 5. d3 {[%emt 0:00:00]} O-O {[%emt 0:00:39]} 6. h3 {[%emt 0:00:00]} h6 {[%emt 0:00:12]} 7. c3 {[%emt 0:00:03]} d6 {[%emt 0:00:24]} 8. Re1 {[%emt 0:00:03]} a5 {[%emt 0:00:18]} 9. Nbd2 {[%emt 0:00:25]} a4 {[%emt 0:05:41]} 10. Bb5 {[%emt 0:00:08]} Bd7 {[%emt 0:00:01]} 11. Nf1 {[%emt 0:00:16]} Ne7 {[%emt 0:00:24]} 12. Bxd7 {[%emt 0:00:03]} Qxd7 {[%emt 0:00:12]} 13. d4 {[%emt 0:03:05]} Bb6 {[%emt 0:04:11]} 14. Ng3 {[%emt 0:04:53]} Ng6 {[%emt 0:06:35]} 15. Be3 {[%emt 0:00:03]} exd4 {[%emt 0:15:23]} 16. cxd4 {[%emt 0:01:52]} Rfe8 {[%emt 0:00:18]} 17. Qc2 {[%emt 0:08:11]} Qb5 {[%emt 0:16:50]} 18. Rac1 {[%emt 0:04:04]} Rac8 {[%emt 0:00:32]} 19. d5 {[%emt 0:17:45]} Ba5 {[%emt 0:09:28]} 20. Nd4 {[%emt 0:00:32]} Qd7 {[%emt 0:00:51]} 21. Red1 {[%emt 0:07:32]} h5 {[%emt 0:07:50]} 22. h4 {[%emt 0:19:26]} Bb6 {[%emt 0:05:23]} 23. Bg5 {[%emt 0:01:58]} Nh7 {[%emt 0:03:20]} 24. Ngf5 {[%emt 0:05:07]} Nxg5 {[%emt 0:01:20]} 25. hxg5 {[%emt 0:00:03]} Qd8 {[%emt 0:00:26]} 26. Qc3 {[%emt 0:03:43]} Qxg5 {[%emt 0:02:39]} 27. Ne6 {[%emt 0:01:14]} Qf6 {[%emt 0:00:02]} 28. Nexg7 {[%emt 0:01:39]} Qxc3 {[%emt 0:00:40]} 29. Rxc3 {[%emt 0:00:11]} Rxe4 {[%emt 0:00:29]} 30. Nxh5 {[%emt 0:00:20]} Rb4 {[%emt 0:02:26]} 31. Rf3 {[%emt 0:05:35]} Kf8 {[%emt 0:01:24]} 32. Nh6 {[%emt 0:00:36]} Ne5 {[%emt 0:00:11]} 33. Rg3 {[%emt 0:00:03]} Ng6 {[%emt 0:01:04]} 34. Rf3 {[%emt 0:02:23]} Ne5 {[%emt 0:00:05]} 35. Rg3 {[%emt 0:06:48]} Ng6 {[%emt 0:00:02]} 36. Rf3 {[%emt 0:03:27]} 1/2-1/2